000 00355nam a2200133Ia 4500
008 240624s9999 xx 000 0 und d
041 _aeng
082 _a005.1 GRA
100 _aDOROTHY GRAHAM
245 _aFOUDATIONS OF SOFTWARE TESTING ISTQB CER
260 _c2007
_aEurope
_bThomson Learning Europe
300 _a258 , p. , 24 : cm.
365 _cRS
_b30
999 _c11818
_d11818